Random Russian Words #2 - Statistics

General Stats
  • This quiz has been taken 434 times
  • The average score is 10 of 21
Answer Stats
Russian English % Correct
Брат Brother
94%
Музыка Music
90%
Легенда Legend
71%
Бог God
61%
Война War
59%
Греция Greece
58%
Восток East
57%
Герой Hero
54%
Река River
54%
Золото Gold
52%
Свобода Freedom
50%
Осень Autumn
48%
Король King
47%
Кровь Blood
45%
Персик Peach
34%
Наука Science
34%
Белка Squirrel
28%
Бедность Poverty
27%
Радуга Rainbow
26%
Дуб Oak
22%
Морж Walrus
12%
No matching quizzes found
Score Distribution
Percent of People with Each Score
Percentile by Number Answered
Your Score History
You have not taken this quiz